ポケモンのジムリーダー - Statistics

General Stats
  • This quiz has been taken 92 times
  • The average score is 46 of 77
Answer Stats
地方 ジムリーダー ジム タイプ % Correct
カントー タケシ ニビジム いわ
91%
カントー カスミ ハナダジム みず
91%
カントー サカキ トキワジム じめん
84%
カントー ナツメ ヤマブキジム エスパー
80%
カントー マチス クチバジム でんき
79%
カントー エリカ タマムシジム くさ
79%
カントー キョウ/アンズ セキチクジム どく
79%
カントー カツラ グレンジム ほのお
79%
ホウエン フウ/ラン トクサネジム エスパー
79%
ジョウト ミカン アサギジム はがね
76%
パルデア ナンジャモ ハッコウジム でんき
74%
カントー グリーン トキワジム なし
73%
イッシュ カミツレ ライモンジム でんき
73%
イッシュ フウロ フキヨセジム ひこう
73%
イッシュ シャガ/アイリス ソウリュウジム ドラゴン
73%
イッシュ(BW2) カミツレ ライモンジム でんき
73%
イッシュ(BW2) フウロ フキヨセジム ひこう
73%
ジョウト アカネ コガネジム ノーマル
71%
シンオウ デンジ ナギサジム でんき
71%
イッシュ デント サンヨウジム くさ
67%
イッシュ ヤーコン ホドモエジム じめん
67%
イッシュ(BW2) ヤーコン ホドモエジム じめん
67%
ジョウト イブキ フスベジム ドラゴン
64%
パルデア アオキ チャンプルジム ノーマル
64%
イッシュ(BW2) シャガ ソウリュウジム ドラゴン
63%
カロス シトロン ミアレジム でんき
63%
シンオウ ヒョウタ クロガネジム いわ
61%
シンオウ マキシ ノモセジム みず
61%
ガラル サイトウ(Sw) ラテラルジム かくとう
61%
シンオウ ナタネ ハクタイジム くさ
60%
シンオウ スモモ トバリジム かくとう
60%
カロス コルニ シャラジム かくとう
60%
ホウエン ミクリ/アダン ルネジム みず
59%
シンオウ メリッサ ヨスガジム ゴースト
59%
イッシュ ポッド サンヨウジム ほのお
59%
イッシュ コーン サンヨウジム みず
59%
イッシュ(BW2) チェレン ヒオウギジム ノーマル
59%
イッシュ(BW2) ホミカ タチワキジム どく
59%
ガラル カブ エンジンジム ほのお
59%
ガラル キバナ ナックルジム ドラゴン
59%
ガラル オニオン(Sh) ラテラルジム ゴースト
59%
ホウエン センリ トウカジム ノーマル
57%
ジョウト ハヤト キキョウジム ひこう
56%
ホウエン テッセン キンセツジム でんき
56%
シンオウ スズナ キッサキジム こおり
56%
イッシュ アーティ ヒウンジム むし
56%
イッシュ(BW2) アーティ ヒウンジム むし
56%
ガラル ネズ スパイクジム あく
56%
ジョウト マツバ エンジュジム ゴースト
54%
ホウエン アスナ フエンジム ほのお
54%
イッシュ アロエ シッポウジム ノーマル
54%
ガラル ルリナ バウジム みず
54%
ガラル メロン(Sh) キルクスジム こおり
54%
ホウエン ナギ ヒワマキジム ひこう
53%
ホウエン ツツジ カナズミジム いわ
51%
シンオウ トウガン ミオジム はがね
51%
ガラル ヤロー ターフジム くさ
51%
ジョウト ツクシ ヒワダジム むし
50%
イッシュ ハチク セッカジム こおり
50%
パルデア ハイダイ カラフジム みず
50%
パルデア グルーシャ ナッペ山ジム こおり
50%
ジョウト シジマ タンバジム かくとう
49%
カロス ビオラ ハクダンジム むし
49%
カロス ウルップ エイセツジム こおり
49%
ガラル ポプラ アラベスクジム フェアリー
49%
ジョウト ヤナギ チョウジジム こおり
47%
ホウエン トウキ ムロジム かくとう
46%
パルデア ライム フリッジジム ゴースト
46%
カロス フクジ ヒヨクジム くさ
43%
カロス マーシュ クノエジム フェアリー
43%
ガラル マクワ(Sw) キルクスジム いわ
43%
カロス ザクロ ショウヨウジム いわ
41%
イッシュ(BW2) シズイ セイガイハジム みず
40%
カロス ゴジカ ヒャッコクジム エスパー
40%
パルデア カエデ セルクルジム むし
33%
パルデア コルサ ボウルジム くさ
31%
パルデア リップ ベイクジム エスパー
31%
No matching quizzes found
Score Distribution
Percent of People with Each Score
Percentile by Number Answered
Your Score History
You have not taken this quiz